Statistics for 2011 - 5 Seconds of Summer (All Lyrics)

Click here to take the quiz!

General Stats

  • This quiz has been taken 152 times
  • The average score is 348 of 373

Answer Stats

2011% Correct
and
100%
And
100%
Verse 1 | Verse 2I
100%
no
100%
the
100%
to
100%
To
100%
We
100%
we
100%
were
100%
when
100%
Bridge | OutroBack
99%
back?
99%
back
99%
days
99%
do
99%
not
99%
go
98%
Go
98%
just
98%
miss
98%
too
98%
ChorusWhy
98%
why
98%
young
98%
2011
97%
2011?
97%
it?
97%
it
97%
Can
95%
for
94%
it's
93%
so
93%
better
92%
thing
92%
things
91%
things?
91%
Cause
90%
complicate
90%
let
90%
me
90%
old
90%
on
90%
our
90%
same
90%
dream
89%
forever
89%
get
89%
late
89%
nothing
89%
ruin
89%
should
89%
stays
89%
Pre-ChorusMaybe
87%
dreams?
86%
about
85%
what
85%
jaded?
84%
lasts
84%
sabotage
84%
Fade
83%
fade
83%
in
83%
felt
80%
now
80%
right
80%
there's
80%
wise
80%
doin'
79%
open
79%
point
79%
With
79%
all
78%
didn't
78%
future
78%
holding
78%
live
78%
life
77%
past
77%
second
77%
talk
77%
used
77%
my
76%
But
75%
closely
75%
have
75%
Only
75%
something
75%
Before
74%
before
74%
hearts
74%
eyes
72%
guessed
72%
like
72%
lives
72%
regret
72%
remember
72%
could
71%
That's
71%
heads
69%
nervous
68%
outside
68%
always
67%
wrecks
63%
asking
62%
fantasized
61%
Wasn't
54%

Score Distribution

Percentile by Number Answered

Percent of People with Each Score

Your Score History

You have not taken this quiz